Virtuální polytechnická knihovna - Souborný katalog - Úplný záznam dokumentu - MARC Uživatel: --- 
-----nas  22-----zu 4500
001 SKVPK0031905
003 CZ-VPK
005 20260424110855.0
008 260424d19691972||||| | |||  ||   |||||||
040   $aABA013$bcze
222  0$aNuclear Industry
245 00$aNuclear Industry
260   $aSpojené státy americké :$bNew York : Atomic Industrial Forum,$c1969-1972
650 07$afyzika$xfy$2psh
910   $aABA013$r1969-1972
OAI-PMH
 čtvrtek 14.05.2026 00:04:43 © 2001-2015 Národní technická knihovna 

[Virtuální polytechnická knihovna] [Servisní centrum] [Souborný katalog]